书目信息 |
| 题名: |
书法知识手册
|
|
| 作者: | 杨崇福 编著 | |
| 分册: | ||
| 出版信息: | 北京 国际文化出版公司 1988.8 |
|
| 页数: | 516页 | |
| 开本: | 19cm | |
| 丛书名: | ||
| 单 册: | ||
| 中图分类: | J292.11 , J292.1 | |
| 科图分类: | ||
| 主题词: | 书法--中国 , 篆刻--中国 | |
| 电子资源: | ||
| ISBN: | 7-80049-104-8 | |
| 000 | 00715nam0 2200265 45 | |
| 001 | 0189029556 | |
| 005 | 20040520144749.8 | |
| 010 | @a7-80049-104-8@dCNY5.40 | |
| 020 | @aCN@b89029556 | |
| 100 | @a19911017d1988 m y0chiy0120 ea | |
| 101 | 0 | @achi |
| 102 | @aCN@b110000 | |
| 105 | @ay z 000yy | |
| 106 | @ar | |
| 200 | 10 | @a书法知识手册@Ashu fa zhi shi shou ce@f杨崇福编著@Fyang chong fu bian zhu |
| 210 | @a北京@c国际文化出版公司@d1988.8 | |
| 215 | @a516页@d19cm | |
| 540 | 1 | @a书法@Ashu fa |
| 606 | 0 | @a书法@x中国 |
| 606 | 0 | @a篆刻@x中国 |
| 690 | @aJ292.11@v1980 | |
| 690 | @aJ292.1 | |
| 701 | 0 | @a杨崇福@Ayang chong fu@4编著 |
| 801 | 0 | @aCN@bNLC@c19911017 |
| 905 | @f2@b213614-615@dJ292.1@e197 | |
| 书法知识手册/杨崇福编著.-北京:国际文化出版公司,1988.8 |
| 516页;19cm |
| ISBN 7-80049-104-8:CNY5.40 |
| ● |
| 相关链接 |
|
|
|
|
正题名:书法知识手册
索取号:J292.1/197
 
预约/预借
| 序号 | 登录号 | 条形码 | 馆藏地/架位号 | 状态 | 备注 |
| 1 | 0213614 | 001210488 | 第一借阅区/ [索取号:J292.1/197] | 在馆 | |
| 2 | 0213615 | 001210497 | 第一借阅区/ [索取号:J292.1/197] | 在馆 | |
| 3 | 0213616 | 001210503 | 第一样本阅览室/ [索取号:J292.1/197] | 在馆 |